000 00352 a2200157 4500
001 76207
020 _a9788596001830
040 _cAnchieta - Colégio São Paulo
100 _aD´Amorim, Eduardo
240 1 0 _aÁfrica e Brasil
_lpor
245 1 0 _aÁfrica e Brasil
300 _a176
362 0 _a2016
650 4 _aHistória do Brasil
942 _cBK
999 _c76207
_d76207